Geboren in Baden bei Wien - Statistiken

Allgemein
  • Dieses Quiz wurde 5 mal gespielt
  • Das Durchschnittsergebnis liegt bei 2 aus 6
Antwortstatistiken
Hint Antwort % Korrekt
Medizinnobelpreisträger und Entdecker des AB0-System der Blutgruppen 1868 Karl Landsteiner
100%
ehemaliger Eishockeynationalspieler, er gilt als bester österreichischer Eishockeyspieler aller Zeiten und spielte in der NHL über 1000 Spiele, die meisten für die Buffalo Sabres 1984 Thomas Vanek
40%
ehemaliger Fußballnationalspieler (Frankfurt, Kaiserslautern, Düsseldorf und Rapid Wien) 1987 Erwin Hoffer
20%
österreichisch-schwedischer Architekt und einer der Begründer der Wiener Schule der Architektur 1885 Josef Frank
0%
Begründerin der Frauenbewegung in Österreich und Mutter eines späteren Bundespräsidenten 1839 Marianne Hainisch
0%
bedeutender Theaterregisseur und Begründer der Salzburger Festspiele 1873 Max Reinhardt
0%
Keine übereinstimmenden Quizze gefunden
Verteilung der Resultate
Anzahl Personen mit jedem Resultat
Perzentil nach korrekt beantworteten Fragen
Ihre Resultats-Entwicklung
Sie haben dieses Quiz noch nicht gespielt